<?xml version="1.0" encoding="UTF-8"?>
<marc:record xmlns:marc="http://www.loc.gov/MARC21/slim">
   <marc:leader>00000nam a2200000 a 4500</marc:leader>
   <marc:datafield ind1="1" ind2=" " tag="100">
      <marc:subfield code="a">Noack, Barbara</marc:subfield>
      <marc:subfield code="4">aut</marc:subfield>
      <marc:subfield code="e">Verfasser/-in</marc:subfield>
   </marc:datafield>
   <marc:datafield ind1="0" ind2="0" tag="245">
      <marc:subfield code="a">Was halten Sie vom Mondschein?</marc:subfield>
   </marc:datafield>
   <marc:datafield ind1="0" ind2="0" tag="245">
      <marc:subfield code="b">Eine Kampener Feriengeschichte</marc:subfield>
   </marc:datafield>
   <marc:datafield ind1=" " ind2="1" tag="264">
      <marc:subfield code="b">Blanvalet</marc:subfield>
      <marc:subfield code="c">1971</marc:subfield>
   </marc:datafield>
   <marc:datafield ind1="1" ind2=" " tag="520">
      <marc:subfield code="a">Auf Sylt hatten sie sich kennengelernt, hatten sie fast vollkommen perfekte Sommerferien verbracht und einer im anderen den fast vollkommen perfekten Partner entdeckt. Nun waren sie wiederum auf der Insel, inzwischen ein eingespieltes Ehepaar, und die Stimmung zwischen ihnen so schlecht wie das Wetter. Eine Sylter Geschichte in Dur und Moll vor dem Hintergrund der nicht nur bei Mondschein zauberhaften Insellandschaft.</marc:subfield>
   </marc:datafield>
   <marc:datafield ind1="3" ind2=" " tag="024">
      <marc:subfield code="a">3764543078</marc:subfield>
   </marc:datafield>
</marc:record>
